100 Biggest Cities in Russia on a Map - Statistics

General Stats
  • This quiz has been taken 50,809 times
    27,087 since last reset
  • The average score is 34 of 100
Answers on the Map
Answers color-coded by a green-red scale on the quiz's map according to % correct below.
 
Answer Stats
Federal Subject Pop City % Correct
Moscow 13.0 m Moscow
99%
Saint Petersburg 5,60 m Saint Petersburg
97%
Kaliningrad Oblast 490 k Kaliningrad
82%
Primorsky Krai 603 k Vladivostok
82%
Volgograd Oblast 1,02 m Volgograd
74%
Sverdlovsk Oblast 1,54 m Yekaterinburg
73%
Republic of Tatarstan 1,30 m Kazan
71%
Murmansk Oblast 270 k Murmansk
71%
Nizhny Novgorod Oblast 1,22 m Nizhny Novgorod
71%
Rostov Oblast 1,14 m Rostov-on-Don
71%
Sevastopol 547 k Sevastopol
70%
Novosibirsk Oblast 1,63 m Novosibirsk
69%
Omsk Oblast 1,12 m Omsk
67%
Krasnodar Krai 466 k Sochi
66%
Republic of Bashkortostan 1,14 m Ufa
60%
Krasnodar Krai 1,09 m Krasnodar
59%
Perm Krai 1,03 m Perm
59%
Irkutsk Oblast 617 k Irkutsk
58%
Samara Oblast 1,15 m Samara
58%
Sakha Republic 355 k Yakutsk
58%
Chelyabinsk Oblast 1,18 m Chelyabinsk
56%
Arkhangelsk Oblast 301 k Arkhangelsk
53%
Krasnoyarsk Krai 1,18 m Krasnoyarsk
51%
Kursk Oblast 440 k Kursk
49%
Chechen Republic 328 k Grozny
48%
Novgorod Oblast 224 k Veliky Novgorod
47%
Voronezh Oblast 1,05 m Voronezh
47%
Tomsk Oblast 556 k Tomsk
45%
Astrakhan Oblast 475 k Astrakhan
44%
Saratov Oblast 901 k Saratov
43%
Smolensk Oblast 316 k Smolensk
42%
Vladimir Oblast 349 k Vladimir
39%
Belgorod Oblast 339 k Belgorod
38%
Orenburg Oblast 543 k Orenburg
37%
Pskov Oblast 193 k Pskov
37%
Republic of Crimea 340 k Simferopol
37%
Tula Oblast 473 k Tula
37%
Republic of Dagestan 623 k Makhachkala
36%
Yaroslavl Oblast 577 k Yaroslavl
36%
Bryansk Oblast 379 k Bryansk
35%
Khabarovsk Krai 617 k Khabarovsk
35%
Tyumen Oblast 847 k Tyumen
35%
Ryazan Oblast 528 k Ryazan
34%
Tver Oblast 416 k Tver
34%
Samara Oblast 684 k Tolyatti
33%
Republic of Buryatia 437 k Ulan-Ude
31%
Stavropol Krai 547 k Stavropol
30%
Ulyanovsk Oblast 617 k Ulyanovsk
29%
Zabaykalsky Krai 334 k Chita
28%
Kirov Oblast 468 k Kirov
27%
Lipetsk Oblast 496 k Lipetsk
27%
Ivanovo Oblast 361 k Ivanovo
26%
Kaluga Oblast 337 k Kaluga
26%
Penza Oblast 501 k Penza
26%
Udmurt Republic 623 k Izhevsk
25%
Vologda Oblast 313 k Vologda
25%
Kemerovo Oblast 557 k Kemerovo
24%
Oryol Oblast 303 k Oryol
24%
Tambov Oblast 261 k Tambov
24%
Republic of North Ossetia 295 k Vladikavkaz
23%
Altai Krai 630 k Barnaul
22%
Chelyabinsk Oblast 410 k Magnitogorsk
22%
Krasnodar Krai 262 k Novorossiysk
21%
Republic of Karelia 234 k Petrozavodsk
21%
Kostroma Oblast 267 k Kostroma
19%
Kurgan Oblast 310 k Kurgan
19%
Republic of Mordovia 314 k Saransk
18%
Irkutsk Oblast 224 k Bratsk
17%
Khabarovsk Krai 238 k Komsomolsk-on-Amur
17%
Kabardino-Balkar Republic 247 k Nalchik
17%
Khanty-Mansi Autonomous Okrug 396 k Surgut
17%
Amur Oblast 241 k Blagoveshchensk
16%
Chuvash Republic 497 k Cheboksary
16%
Saratov Oblast 225 k Engels
16%
Orenburg Oblast 189 k Orsk
16%
Rostov Oblast 245 k Taganrog
16%
Moscow Oblast 257 k Khimki
15%
Republic of Tatarstan 548 k Naberezhnye Chelny
15%
Kemerovo Oblast 537 k Novokuznetsk
15%
Moscow Oblast 314 k Podolsk
15%
Komi Republic 220 k Syktyvkar
15%
Sverdlovsk Oblast 338 k Nizhny Tagil
14%
Republic of Khakassia 184 k Abakan
13%
Vologda Oblast 305 k Cherepovets
13%
Mari El Republic 281 k Yoshkar-Ola
13%
Rostov Oblast 226 k Shakhty
12%
Irkutsk Oblast 221 k Angarsk
11%
Moscow Oblast 520 k Balashikha
11%
Krasnodar Krai 187 k Armavir
10%
Khanty-Mansi Autonomous Okrug 283 k Nizhnevartovsk
10%
Belgorod Oblast 221 k Stary Oskol
10%
Volgograd Oblast 321 k Volzhsky
10%
Nizhny Novgorod Oblast 218 k Dzerzhinsk
9%
Moscow Oblast 187 k Krasnogorsk
9%
Moscow Oblast 224 k Lyubertsy
9%
Moscow Oblast 255 k Mytishchi
9%
Republic of Tatarstan 241 k Nizhnekamsk
9%
Republic of Bashkortostan 277 k Sterlitamak
9%
Saratov Oblast 184 k Balakovo
7%
Moscow Oblast 228 k Korolyov
7%
No matching quizzes found
Score Distribution
Percent of People with Each Score
Percentile by Number Answered
Your Score History
You have not taken this quiz since the last reset